|
|
|
|
| LEADER |
00000nam a2200000 a 4500 |
| 001 |
vtls001466558 |
| 003 |
SK-MaSNL |
| 005 |
20260301203507.0 |
| 008 |
240314s1876 xo 0 und |
| 035 |
|
|
|a SNK000421863
|
| 040 |
|
|
|a SNK
|b slo
|c SNK
|e AACR2
|
| 044 |
|
|
|a xo
|c SK
|
| 100 |
1 |
|
|a Ďurček, Andrej Boleslav,
|d 1816-1878
|4 aut
|9 66900
|
| 245 |
1 |
0 |
|a Swátosť pokánia zo stanowiska Luthera a Sw. Rimsko = katolickej Cirkwe
|
| 250 |
|
|
|a 1. vyd.
|
| 260 |
|
|
|a Trnava
|b [ Tlačou Zigmunda Wintera ]
|c 1876
|
| 300 |
|
|
|a 121 s.
|
| 958 |
|
|
|a ONDV
|
| 999 |
|
|
|c 902833
|d 904763
|
| 952 |
|
|
|t P60, <04>, [BOOK], {604}
|a SNK
|b SNK
|y VYP
|7 0
|p 17A0409975
|o snkSD 1298 D1
|i snkF 1826/69
|0 0
|1 0
|4 0
|d 2004-01-19
|l 0
|r 2005-01-02 00:00:00
|w 2026-02-24
|
| 952 |
|
|
|t P60, <04>, [BOOK], {604}
|a SNK
|b SNK
|y VYP
|7 0
|p 17A0409976
|o snkSD 1298 D2
|i snkK 87/82
|0 0
|1 0
|4 0
|d 2004-01-19
|l 0
|r 2005-01-02 00:00:00
|w 2026-02-24
|